Boeing or Airbus - Statistics

General Stats
  • This quiz has been taken 1,260 times
  • The average score is 5 of 8
Answer Stats
Question Answer % Correct
Airbus
85%
Boeing
78%
Airbus
74%
Boeing
65%
Boeing
55%
Airbus
53%
Boeing
47%
Airbus
42%
No matching quizzes found
Score Distribution
Percent of People with Each Score
Percentile by Number Answered
Your Score History
You have not taken this quiz